| 000 -LEADER |
| fixed length control field |
01505nam a22002057a 4500 |
| 005 - DATE AND TIME OF LATEST TRANSACTION |
| control field |
20250723120009.0 |
| 008 - FIXED-LENGTH DATA ELEMENTS--GENERAL INFORMATION |
| fixed length control field |
250723s2022 en ||||| |||| 00| 0 eng d |
| 020 ## - INTERNATIONAL STANDARD BOOK NUMBER |
| International Standard Book Number |
9781119600046 X |
| 041 ## - LANGUAGE CODE |
| Language code of text/sound track or separate title |
eng |
| 080 ## - UNIVERSAL DECIMAL CLASSIFICATION NUMBER |
| Universal Decimal Classification number |
616.314-089.23 A-10 |
| 245 ## - TITLE STATEMENT |
| Title |
A practical approach to special care in dentistry / |
| Statement of responsibility, etc. |
Editor : Pedro Diz Dios, Navdeep Kumar |
| 264 ## - PRODUCTION, PUBLICATION, DISTRIBUTION, MANUFACTURE, AND COPYRIGHT NOTICE |
| Place of production, publication, distribution, manufacture |
New Jersey : |
| Name of producer, publisher, distributor, manufacturer |
Wiley Blackwell, |
| Date of production, publication, distribution, manufacture, or copyright notice |
2022. |
| 300 ## - PHYSICAL DESCRIPTION |
| Extent |
556 p.: |
| Other physical details |
ill; |
| Dimensions |
29 cm. |
| 653 ## - INDEX TERM--UNCONTROLLED |
| keyword |
A Practical Approach to Special Care in Dentistry delivers a comprehensive and robust overview of special care dentistry reflecting the most common compromised clinical conditions dentists will regularly encounter. It discusses more than 50 topics based on real-world clinical cases focusing on two main areas: patients with disabilities and medically compromised patients. The book uses a problem-based learning approach and helps the reader to apply knowledge in a clinical case context. Each chapter contains a case report establishing the main risk factors relating to the provision of dental treatment. That is followed by a practical and realistic set of adaptations for the reader to follow to minimise the rate and severity of potential complications for their patient. |
| 653 ## - INDEX TERM--UNCONTROLLED |
| keyword |
სტომატოლოგია |
| 653 ## - INDEX TERM--UNCONTROLLED |
| keyword |
მედიცინა |
| 700 ## - ADDED ENTRY--PERSONAL NAME |
| Personal name |
Diz Dios, Pedro |
| 9 (RLIN) |
25679 |
| Relator term |
რედაქტორი |
| 700 ## - ADDED ENTRY--PERSONAL NAME |
| Personal name |
Kumar, Navdeep |
| 9 (RLIN) |
25680 |
| Fuller form of name |
რედაქტორი |
| Relator term |
რედაქტორი |
| 942 ## - ADDED ENTRY ELEMENTS (KOHA) |
| Source of classification or shelving scheme |
|
| Koha item type |
წიგნი |